Comprehensive Text Book on Nursing Foundation for General Nursing and Midwifery Course/ (Record no. 1779)

MARC details
000 -LEADER
Fixed length control field 00737nam a22002417a 4500
003 - CONTROL NUMBER IDENTIFIER
Control field IIN
005 - DATE AND TIME OF LATEST TRANSACTION
Control field 20250430120748.0
008 - FIXED-LENGTH DATA ELEMENTS--GENERAL INFORMATION
Fixed length control field 250430s2024 |||ad||| |||| 001 0 eng d
020 ## - INTERNATIONAL STANDARD BOOK NUMBER / ISBN
International Standard Book Number 9789393885944
Price Rs.750.00
040 ## - CATALOGING SOURCE
Original cataloging agency IIN
082 ## - DEWEY DECIMAL CLASSIFICATION NUMBER
Classification number 610.73
Book Number VEN
100 ## - MAIN ENTRY--PERSONAL NAME
Personal name Venkatesan, B.
245 ## - TITLE STATEMENT
Title Comprehensive Text Book on Nursing Foundation for General Nursing and Midwifery Course/
Statement of responsibility B. Venkatesan, Chinnasamy Azhagesan and C. Shanmugapriya
250 ## - EDITION STATEMENT
Edition statement 2nd ed.
260 ## - IMPRINT
Place of publication Bengaluru
Name of publisher EMMESS
Date of publication 2024
300 ## - PHYSICAL DESCRIPTION
Page / Vol. No xiv, 460 p.
Other physical details ill.
500 ## - GENERAL NOTE
General note Includes Index
650 ## - SUBJECT ADDED ENTRY--TOPICAL TERM
Topical term Nursing
Form subdivision Foundation
650 ## - SUBJECT ADDED ENTRY--TOPICAL TERM
Topical term Midwifery Nursing
Form subdivision Foundation
700 ## - ADDED ENTRY--PERSONAL NAME
Personal name Azhagesan, Chinnasamy
700 ## - ADDED ENTRY--PERSONAL NAME
Personal name Shanmugapriya, C.
942 ## - ADDED ENTRY ELEMENTS (KOHA)
Koha item type Books
Holdings
Withdrawn status Lost status Source of classification Damaged status Not for loan Collection code Home library Current library Shelving location Date acquired Price Total Checkouts Call number Accession number Date last seen Price effective from Koha item type
    Dewey Decimal Classification     Purches Book IDEAL INSTITUTE OF NURSING IDEAL INSTITUTE OF NURSING General Stacks 11/03/2025 750.00   610.73 VEN 1952 30/04/2025 30/04/2025 Books
© Ideal Institute Of Nursing, All rights reserved.         Powered by Koha